000
nam a22 7a 4500
999
_c
51694
_d
51694
003
OSt
005
20220421104304.0
008
220421b xxu||||| |||| 00| 0 eng d
040
_c
sero soft
100
_a
Singh,Inderjeet
245
_a
Labour Law (Hindi)
260
_a
Allahabad
_b
Central Law Pub
300
_a
828
942
_2
ddc
_c
02